The Only MLB Team... - Statistics

General Stats
  • This quiz has been taken 15 times
  • The average score is 16 of 30
Answer Stats
Hint Answer % Correct
In Canada Toronto Blue Jays
92%
Formerly in Canada Washington Nationals
92%
Founded in the National League, but is now in the American League Houston Astros
83%
To win the World Series five years in a row New York Yankees
83%
That has never appeared in the World Series Seattle Mariners
83%
To go over one hundred years between World Series titles Chicago Cubs
75%
Whose team name is the state bird of its home state Baltimore Orioles
67%
That has never won the World Series, nor its division Colorado Rockies
67%
To win the World Series within its first four seasons as an expansion franchise Arizona Diamondbacks
58%
Without a geographic identifier in their name Athletics
58%
That has lost the World Series on purpose Chicago White Sox
58%
To never lose 100+ games in any season Los Angeles Angels
58%
To win the World Series (twice) despite never winning their division Miami Marlins
58%
Founded in the American League, but is now in the National League Milwaukee Brewers
58%
That has won the World Series representing three different cities Atlanta Braves
50%
To win the World Series in seasons exactly 100 years apart Boston Red Sox
50%
To throw two consecutive no-hitters from the same pitcher Cincinnati Reds
50%
To win their division after being 15.5 games behind Cleveland Guardians
50%
To lose a no-hit bid in the ninth inning twice in a three-game span Los Angeles Dodgers
50%
Whose current home field is a domed stadium Tampa Bay Rays
50%
With a color scheme inspired by two previous teams that played in the city New York Mets
42%
To lose over ten thousand games representing the same city Philadelphia Phillies
42%
To go undefeated 26 games in a row (including ties) San Francisco Giants
42%
To pitch 12+ strikeouts while giving up 0 earned runs in a game, and lose Detroit Tigers
33%
To pull off two triple plays in a single game Minnesota Twins
33%
That shares its colors with all other major sports teams in their city Pittsburgh Pirates
33%
That did not pitch a no-hitter until the 2020s San Diego Padres
33%
That has retired the number 85 St. Louis Cardinals
33%
That does not host a Pride Night game during Pride Month Texas Rangers
25%
Named in honor of a livestock show Kansas City Royals
17%
No matching quizzes found
Score Distribution
Percent of People with Each Score
Percentile by Number Answered
Your Score History
You have not taken this quiz